KOHA-Header-6

Corporate Finance (Record no. 935)

000 -LEADER
fixed length control field 00390nam a2200133Ia 4500
008 - FIXED-LENGTH DATA ELEMENTS--GENERAL INFORMATION
fixed length control field 190722s9999 xx 000 0 und d
020 ## - INTERNATIONAL STANDARD BOOK NUMBER
International Standard Book Number 978-0-07-009124-5
100 ## - MAIN ENTRY--PERSONAL NAME
Personal name Ross, Westerfield, Jaffe, Kakani
245 #0 - TITLE STATEMENT
Title Corporate Finance
260 ## - PUBLICATION, DISTRIBUTION, ETC. (IMPRINT)
Place of publication, distribution, etc New Delhi (India), New York (USA)
Name of publisher, distributor, etc McGraw Hill Education (India) Private Limited
Date of publication, distribution, etc 2013
300 ## - PHYSICAL DESCRIPTION
Extent 1106.:
942 ## - ADDED ENTRY ELEMENTS (KOHA)
Koha item type Books
942 ## - ADDED ENTRY ELEMENTS (KOHA)
Edition
Holdings
Withdrawn status Lost status Source of classification or shelving scheme Damaged status Not for loan Collection code Permanent Location Current Location Shelving location Date acquired Total Checkouts Full call number Barcode Date last seen Date checked out Price effective from Koha item type
        Ordered Finance MAJU MAJU Shelf No.B44 2019-07-22 1 5.43 7561 2021-02-12 2020-01-20 2019-07-22 Finance

Powered by Koha